Generál Jeho Veličenstva

Bibliographic Details
Main Author: Du Maurier, Daphne, 1907-1989 (Author)
Other Authors: Žáryová, Magda, 1927-2009 (Translator)
Format: Book
Language:Slovak
English
PhysicalDescription:327 s. 20 cm
Published: Bratislava Slovenský spisovateľ 1989
ISBN:8022001201
Edition:2. vyd.
Series:Retro
Subjects:

MARC

LEADER 00000cam a2200000 a 4500
001 vtls001060338
003 SK-MaSNL
005 20260302030430.0
008 250414s1989 xo 0000f slo
015 |a SNBA1990/02 
020 |a 8022001201 
035 |a SNK000003166 
040 |a SNK  |b slo  |c SNK  |e AACR2 
041 1 |a slo  |h eng 
044 |a xo  |c SK 
080 |a 820-3  |2 1981 
100 1 |a Du Maurier, Daphne,  |d 1907-1989  |4 aut  |9 40444 
245 1 0 |a Generál Jeho Veličenstva  |c Daphne Du Maurier ; preložila Magda Žáryová 
250 |a 2. vyd. 
260 |a Bratislava  |b Slovenský spisovateľ  |c 1989  |e Nitra  |f Nitrianske tlačiarne 
300 |a 327 s.  |c 20 cm 
366 |e 55000 výtl. 
490 1 |a Retro  |v zv. 58 
500 |a Preložené z angličtiny 
655 7 |a anglické romány  |2 SNKPH  |9 70428 
655 7 |a historické romány  |2 SNKPH  |9 70253 
700 1 |a Žáryová, Magda,  |d 1927-2009  |4 trl  |9 107891 
700 1 |a Krížik, Ján,  |d 1943-  |4 bkd  |9 37047 
830 0 |a Retro  |9 276789 
852 |a Slovenská národná knižnica 
919 |a 80-220-0120-1 
958 |a LX 
958 |a TL 
958 |a UP 
958 |a OND 
999 |c 1047288  |d 1049218 
952 |t P60, <04>, [BOOK], {604}  |a SNK  |b SNK  |y VYP  |7 0  |p 17A0373106  |o snkSD 61743 D1  |0 0  |1 0  |4 0  |d 2003-02-06  |l 0  |r 2004-12-31 00:00:00  |w 2026-02-24